00745cam a2200217 i 45000010005000000030008000050050017000130080039000300350014000690400023000830410008001060820029001141000024001432450098001672600051002653000019003165000069003355050057004046500037004617000029004985487BD-RjUL20211208234056.0131226m19769999pk 000 0 eng a(BD-RjUL) aDLCcDLCdDLCbeng aeng00a345.5491002638bSHT 19761 aShah, Zulfiqar Ali.00aThirty years criminal laws digest, 1947-1976 /cby Zulfiqar Ali Shah, Azhar Ali Shah Bokhari. aLahore :bLahore Law Times Publications,c1976 a2 v. :c25 cm. aOn verso of t.p.: Published by Pakistan Law Book Centre, Lahore. av. 1. Abduction-Cr. P. C. -- v. 2. Cr. P. C.-Witness 0aCriminal lawzPakistanxDigests.1 aBokhari, Azhar Ali Shah.